Chinese films and television plays / (Record no. 523410)
[ view plain ]
| 000 -LEADER | |
|---|---|
| fixed length control field | 01286cam a2200361 a 4500 |
| 001 - CONTROL NUMBER | |
| control field | 12491043 |
| 003 - CONTROL NUMBER IDENTIFIER | |
| control field | NUST |
| 005 - DATE AND TIME OF LATEST TRANSACTION | |
| control field | 20190215045738.0 |
| 008 - FIXED-LENGTH DATA ELEMENTS--GENERAL INFORMATION | |
| fixed length control field | 010802s1999 cc a 000 0 eng |
| 010 ## - LIBRARY OF CONGRESS CONTROL NUMBER | |
| LC control number | 2001530331 |
| 020 ## - INTERNATIONAL STANDARD BOOK NUMBER | |
| International Standard Book Number | 7503918322 |
| 038 ## - RECORD CONTENT LICENSOR | |
| Staff Name | 0 |
| 040 ## - CATALOGING SOURCE | |
| Original cataloging agency | DLC |
| Transcribing agency | DLC |
| 041 1# - LANGUAGE CODE | |
| Language code of text/sound track or separate title | eng |
| Language code of original | chi |
| 043 ## - GEOGRAPHIC AREA CODE | |
| Geographic area code | a-cc--- |
| 050 00 - LIBRARY OF CONGRESS CALL NUMBER | |
| Classification number | NX583.A1 |
| Item number | Z46513 1999 vol. 9 |
| Classification number | PN1993.5.C4 |
| 082 ## - DEWEY DECIMAL CLASSIFICATION NUMBER | |
| Classification number | 951 CHI |
| 100 1# - MAIN ENTRY--PERSONAL NAME | |
| Personal name | Zhang, Baiqing. |
| 9 (RLIN) | 13680 |
| 240 10 - UNIFORM TITLE | |
| Uniform title | Zhongguo dian ying. |
| Language of a work | English |
| 245 10 - TITLE STATEMENT | |
| Title | Chinese films and television plays / |
| Statement of responsibility, etc. | writer Zhang Baiqing ; translator Zhu Chengyao. |
| 250 ## - EDITION STATEMENT | |
| Edition statement | Beijing di 1 ban. |
| 260 ## - PUBLICATION, DISTRIBUTION, ETC. | |
| Place of publication, distribution, etc. | Beijing : |
| Name of publisher, distributor, etc. | Culture and Art Publishing House, |
| Date of publication, distribution, etc. | 1999. |
| 300 ## - PHYSICAL DESCRIPTION | |
| Extent | 3, 183 p. : |
| Other physical details | col. ill. ; |
| Dimensions | 21 cm. |
| 490 1# - SERIES STATEMENT | |
| Series statement | Chinese culture and art series ; |
| Volume/sequential designation | 9 |
| 541 ## - IMMEDIATE SOURCE OF ACQUISITION NOTE | |
| Institution to which field applies | DLC. |
| 650 #0 - SUBJECT ADDED ENTRY--TOPICAL TERM | |
| Topical term or geographic name entry element | Motion pictures |
| Geographic subdivision | China |
| General subdivision | History |
| Chronological subdivision | 20th century. |
| 9 (RLIN) | 13681 |
| 700 1# - ADDED ENTRY--PERSONAL NAME | |
| Personal name | Zhu, Chengyao. |
| 9 (RLIN) | 13682 |
| 830 #0 - SERIES ADDED ENTRY--UNIFORM TITLE | |
| Uniform title | Zhongguo wen hua yi shu cong shu (Beijing, China). |
| Language of a work | English ; |
| Volume/sequential designation | 9. |
| 9 (RLIN) | 13683 |
| 906 ## - LOCAL DATA ELEMENT F, LDF (RLIN) | |
| a | 7 |
| b | cbc |
| c | orignew |
| d | 2 |
| e | ncip |
| f | 20 |
| g | y-gencatlg |
| 942 ## - ADDED ENTRY ELEMENTS (KOHA) | |
| Source of classification or shelving scheme | |
| Koha item type | Book |
| 987 ## - LOCAL ROMANIZATION/CONVERSION HISTORY (OCLC) | |
| Romanization/conversion identifier | PINYIN |
| Agency that converted, created or reviewed | DLC |
| Status code | c |
| Withdrawn status | Lost status | Source of classification or shelving scheme | Damaged status | Not for loan | Collection code | Permanent Location | Current Location | Shelving location | Date acquired | Full call number | Barcode | Date last seen | Price effective from | Koha item type |
|---|---|---|---|---|---|---|---|---|---|---|---|---|---|---|
| Central Library (CL) | Central Library (CL) | Chinese Studies | 02/15/2019 | 951 CHI | S3H-D-35 | 02/15/2019 | 02/15/2019 | Book |
